Science Quiz

Random Science or Astronomy Quiz

Planets from the Sun Quiz Stats

 Plays Quiz Updated Jan 20, 2016

Score 0/8 Timer 02:00
51 Plays Today
Order Planet % Correct
ThirdEarth
97.9%
FourthMars
97.2%
FirstMercury
96.6%
SecondVenus
96.5%
FifthJupiter
93.5%
SixthSaturn
93%
SeventhUranus
90.2%
EighthNeptune
87%

You're not logged in!

Compare scores with friends on all Sporcle quizzes.
OR
Log In

Sporcle TV

Today on Sporcle TV


Watch our educational content, quiz creation guides, and fun videos on Sporcle TV.

Show Comments

Extras

Top Quizzes Today


Score Distribution

Your Account Isn't Verified!

In order to create a playlist on Sporcle, you need to verify the email address you used during registration. Go to your Sporcle Settings to finish the process.

Report this User

Report this user for behavior that violates our Community Guidelines.

Details: